El gato con botas : (Registro nro. 10059)

Detalles MARC
000 -CABECERA
Longitud fija campo de control 01099nam a2200277 a 4500
003 - • IDENTIFICADOR DELl NÚMERO DE CONTROL
Identificador del número de control CO-ViMGA
008 - • CÓDIGOS DE INFORMACIÓN DE LONGITUD FIJA
Códigos de información de longitud fija 141112s2004 ck r 000 u spa d
020 ## - • NÚMERO INTERNACIONAL NORMALIZADO PARA LIBROS
Número Internacional Normalizado para Libros (ISBN) 9788441323902
040 ## - FUENTE DE LA CATALOGACIÓN
Centro catalogador de origen CO-ViMGA
Lengua de catalogación spa
Centro transcriptor CO-ViMGA
082 04 - • NÚMERO DE LA CLASIFICACIÓN DECIMAL DEWEY
Número de clasificación (R) I808.831 P27g
100 1# - • PUNTO DE ACCESO PRINCIPAL-NOMBRE DE PERSONA
Nombre de persona Molero i Loret, Natalia 1959 -
245 10 - • TITULO PROPIAMENTE DICHO
Título El gato con botas :
Resto del título adaptación del cuento de Charles Perrault ; [adaptación del cuento original, Natalia Molero ; ilustraciones, Cardona Estudio]
300 ## - • DESCRIPCIÓN FÍSICA
Extensión 10, 16 p. : il. ; 21 cm
490 0# - • MENCIÓN DE SERIE
Mención de serie Teatro - cuentos
500 ## - • NOTA GENERAL
Nota general Acompañado de 3 títeres de cartón
501 ## - • NOTA DE "CON"
Nota de "Con" Con : guión del cuento
505 ## - • NOTA DE CONTENIDO CON FORMATO
Nota de contenido con formato El gato con botas, el guión ; El gato con botas, el cuento ilustrado
598 ## -
-- NEW - GRAL, NEW
650 14 - • PUNTO DE ACCESO ADICIONAL DE MATERIA - TÉRMINO DE MATERIA
Término de materia o nombre geográfico como elemento inicial Cuentos clásicos infantiles - Colecciones
700 1# - • PUNTO DE ACCESO ADICIONAL - NOMBRE DE PERSONA
Nombre de persona Perrault, Charles, 1628 - 1703
917 ## -
-- 2010 - 1965 3 vols. + 9 títeres y un teatrino
942 ## - ENTRADA DE ELEMENTOS AGREGADOS (KOHA)
Fuente de clasificaión o esquema Dewey Decimal Classification
Koha [por defecto] tipo de item LIbro
990 ## - EQUIVALENCIA O SECCIÓN-REFERENCIA [LOCAL, CANADA]
Enlace de información para campos 9XX 2010 - 1965 Círculo de Lectores 3 vols. + 9 títeres y un teatrino 21 02032010 a711408
Existencias
Perdido Fuente de clasificación o esquema Estado Físico No para préstamo Forma de adquisición Localización permanente Localización actual Fecha adquisición Serie de enumeración / cronolog&íacute;a Préstamos totales Signatura completa Código de barras Fecha última consulta Número de copia Fecha del precio de reemplazo Tipo de item de Koha
  Dewey Decimal Classification     Sala General Estacion de Lectura Apiay - Villavicencio Estacion de Lectura Apiay - Villavicencio 12/04/2015 17/feb/2015   I808.831 P27g 28232 12/04/2015 Ej. 1 12/04/2015 LIbro









Instituto Departamental de Cultura del Meta - Red Departamental de Bibliotecas Públicas del Meta.